| 000 | 00520nam a2200145Ia 4500 | ||
|---|---|---|---|
| 008 | 210716s2008 xx 000 0 und d | ||
| 041 | _aeng | ||
| 082 | _a621.3916 KANK | ||
| 100 | _aKant, Krishna. | ||
| 245 |
_aMicroprocessors and microcontrollers: architecture programming and system design 8085,8086,8051,8096. _bArchitecture programming and system design 8085,8086,8051,8096. |
||
| 250 | _a1 | ||
| 260 |
_aNew Delhi _bPHI Learning Pvt Ltd _c2008 |
||
| 300 | _axx,728 | ||
| 650 | _aMicrocontrollers & Microprocessors | ||
| 999 |
_c189689 _d189689 |
||